Una Vida en los Andes : (Record no. 22696)

000 -CABECERA
fixed length control field 01189nam a22002537i 4500
003 - IDENTIFICADOR DEL NÚMERO DE CONTROL
control field AR-CdUCM
008 - DATOS DE LONGITUD FIJA--INFORMACIÓN GENERAL
fixed length control field 230927b20202020pe ao||| i||| 00| 0 spa d
020 ## - NÚMERO INTERNACIONAL ESTÁNDAR DEL LIBRO
ISBN 978-612-4375-17-0
040 ## - FUENTE DE LA CATALOGACIÓN
Agencia/entidad que catalogó originalmente la obra MUNICIPALIDAD PROVINCIAL DEL CUSCO
Entidad que transcribió la catalogación BIBLIOTECA MUNICIPAL DEL CUSCO
082 ## - NÚMERO DE LA CLASIFICACIÓN DECIMAL DEWEY
No. de Clasificación 305.8 / F63 / T.I
Notacion interna F63 / T.I
100 ## - ENTRADA PRINCIPAL--NOMBRE DE PERSONA
Nombre Personal Flores Ochoa, Jorge A.
245 ## - MENCIÓN DE TÍTULO
Título Una Vida en los Andes :
Resto del título Etnografía del Sur Andino /
260 ## - PUBLICACIÓN, DISTRIBUCIÓN, ETC.
Lugar de publicación, distribución, etc. Cusco :
Nombre de la editorial, distribuidor, etc. Dirección Desconcentrada de Cultura de Cusco,
Fecha de publicación, distribución, etc. 2020.
300 ## - DESCRIPCIÓN FÍSICA
Nº de Páginas Extensión 537 páginas. :
Dimensiones 23cm.
500 ## - NOTA GENERAL
Bibliografía Bibliografía: página 537.
505 ## - NOTA DE CONTENIDO CON FORMATO
Nota de contenido formateada Pastores de alpacas de los incas -- Mitos y canciones ceremoniales en comunidades de Puno -- El inka histórico es el enqa contemporáneo -- La defensa de los saberes andinos -- Etnohistoria de la coca -- Causas que originaron la actual distribución espacial de las alpacas y llamas -- El descubrimiento de machupiqchu. tradición oral -- Simbolismo -- El torito de pukara -- Taytacha Qoylloriti.
650 ## - PUNTO DE ACCESO ADICIONAL DE MATERIA--TÉRMINO DE MATERIA
Descriptor Etnohistoria
9 (RLIN) 2030
650 ## - PUNTO DE ACCESO ADICIONAL DE MATERIA--TÉRMINO DE MATERIA
Descriptor Pastores
9 (RLIN) 48883
650 ## - PUNTO DE ACCESO ADICIONAL DE MATERIA--TÉRMINO DE MATERIA
Descriptor Mitos
9 (RLIN) 12603
650 ## - PUNTO DE ACCESO ADICIONAL DE MATERIA--TÉRMINO DE MATERIA
Descriptor Puna
9 (RLIN) 48884
942 ## - ELEMENTOS DE PUNTO DE ACCESO ADICIONAL (KOHA)
Fuente de clasificación
Tipo de item Libros-BMC
945 ## - PROCESAMIENTO DE INFORMACIÓN LOCAL (OCLC)
Catalogador pebm
AAAA-MM-DD - Fecha de ingreso o modificacion 2023-09-27
Holdings
Estado de retiro (separado) Fuente de clasificación o esquema de estanterías Estado dañado Ubicación Sala donde se ubica Nombre de la colección Fecha de adquisición o compra Fuente de adquisición Costo, precio normal en soles Signatura topográfica Código de Barras Última vez visto (Koha) Tipo de ítem (Koha)
No     Sala Humanidades Sala Humanidades Book Cart 2023-09-27 Donación 30.00 305.8 / F63 / T.I SH0000016530 2023-09-27 Libros-BMC
No     Sala Humanidades Sala Humanidades Book Cart 2023-09-27 Donación 30.00 305.8 / F63 / T.II SH0000016531 2023-09-27 Libros-BMC

Powered by Koha